00640nam a2200157 a 450000100100000000500170001000800410002704000250006808200080009311000920010124500980019326000910029130000270038249000360040983000370044500002844020240304103305.0110408s2004 dr a 000 0 spa d aDO-SdBNPbspacBNPHU axxx1 aRepública Dominicana.b Secretaría de Estado de Medio Ambiente y Recursos Naturales10aDiagnóstico de las pistas o aeródromos dedicados a aplicaciones aéreas de plaguisidas/. aSanto Domingo :bSecretaría de estado de Medio Ambiente y Recursos Naturales,c2004. a27 p. :bil. ;c20 cm.1 aSerie Estudios e Investigacón 0aSerie Estudios e Investigación